01860nam a2200457 a 4500001001200000003000800012006001900020007001500039008004100054010001700095020004500112020001800157020001800175040002100193035002100214043002100235050002800256082002200284100001700306245019000323260003800513300002400551490004800575504005100623533015200674650002800826650003700854650003200891650004100923650002900964650003800993650004201031650005101073655002901124700002501153700002701178710001701205830003701222856012601259999001701385ebr10271032CaPaEBRm u cr cn|||||||||051130s2006 ne a sb 001 0 eng d z 2005057164 z9004145842 (paperback : acid-free paper) z9789004145849 z9789047408161 aCaPaEBRcCaPaEBR a(OCoLC)303541853 ae-ie---ae-uk-ni14aHN400.3.Z9bM625 2006eb04a303.3/72094152221 aFahey, Tony.10aConflict and consensush[electronic resource] :ba study of values and attitudes in the Republic of Ireland and Northern Ireland /cby Tony Fahey, Bernadette C. Hayes & Richard Sinnott. aLeiden ;aBoston :bBrill,c2006. axiv, 291 p. :bill.1 aEuropean values studies,x1568-5926 ;vv. 9 aIncludes bibliographical references and index. aElectronic reproduction.bPalo Alto, Calif. :cebrary,d2013.nAvailable via World Wide Web.nAccess may be limited to ebrary affiliated libraries. 0aSocial valueszIreland. 0aSocial valueszNorthern Ireland. 0aPolitical culturezIreland. 0aPolitical culturezNorthern Ireland. 0aPublic opinionzIreland. 0aPublic opinionzNorthern Ireland. 0aConsensus (Social sciences)zIreland. 0aConsensus (Social sciences)zNorthern Ireland. 7aElectronic books.2local1 aHayes, Bernadette C.1 aSinnott, R.q(Richard)2 aebrary, Inc. 0aEuropean values studies ;vv. 9.40uhttp://site.ebrary.com/lib/rucke/Doc?id=10271032zAn electronic book accessible through the World Wide Web; click to view c22003d22003